00454nam a2200181Ia 4500008004100000020001800041050001400059100002000073245002900093245005100122260001500173260001600188260000900204300001400213300002700227300001000254500000800264170918s9999 xx 000 0 und d a9780545415347 bI114 2010 aCuyler, Margery aI repeat, don't cheat! / cMargery Cuyler ; illustrated by Arthur Howard. aNew York : bScholastic, c2010 aunpaged : bcolored illustration ; c28cm. a490